00749 2200265 4500001002100000005001700021008004100038020001800079035002400097082001000121090001500131245009900146250001800245260002700263300003600290500003100326650003000357700001200387700001300399700002200412850001500434980001300449985000600462999001500468YOGYA-0209000001179420090227022148.0 ind  a979-503-050-7 0010-020900000011794 a332.3 a332.3bKre aKREDIT pedesaan di IndonesiacDumairy ...[et . al] ; penyunting, Mubyarto dan Edy Suandi Hamid aEd. 1, cet. 2 aYogyakartabBPFEc1990 axii, 162 hlmbilus, lampc22 cm aBibliografi : Hlm. 151-154 aLembaga kredit - Pedesaan aDumairy aMubyarto aHamid, Edy Suandi aYOPDYOG(B) a05-10-18 a1 a00P0003009